000 02008nam0a2200421 4500
001 RU\NLR\BIBL_A\022236409
005 20251218123309.0
010 _a978-5-98563-682-6
_9500
021 _aRU
_bКН-П-24-022215
_9КН-П-24-2313
035 _a(NLR Aleph) 022236409
090 _a13146875
_c13146875
100 _a20240529d2024 u y0rusy50 ca
101 1 _arus
_cheb
102 _aRU
105 _aa z 000zy
181 0 _ai3
_baxxe
182 0 _an
200 1 _aПочему со мной никто не дружит?
_eпомощь детям, которых отвергают сверстники
_fЯэль Авраам
_g[пер. с иврита Г. Кац]
203 _aТекст
_bвизуальный
_cнепосредственный
210 _aМосква
_cГенезис
_d2024
215 _a230, [1] с.
_cил., табл.
_d20
300 _aЗагл. и авт. ориг. на иврите
300 _aНа 4-й с. обл. авт.: Я. Авраам - психолог
320 _aБиблиогр.: с. 193-197 (58 назв.)
606 1 _aДети
_xМежличностные отношения
_2nlr_sh1
_2nlr_sh2
_3RU\NLR\AUTH\66349715
606 1 _aДети
_xПсихологическое консультирование
_2nlr_sh1
_2nlr_sh2
_3RU\NLR\AUTH\661290058
686 1 _aС550.325.2
686 1 _aЮ984.92
700 1 _aАвраам
_bЯ.
_gЯэль
702 1 _aКац
_bГ. Б.
_gГалина Борисовна
_4730
856 4 _lVNP_UCHZ
_tVIEW
_uhttps://webservices.nlr.ru/viewer/file?name=a022236409_002.txt
_yАннотация
856 4 _lVNP_UCHZ
_tVIEW
_uhttps://webservices.nlr.ru/viewer/file?name=p022236409_003.jpg
_x001
_yСтраница
856 4 1 _lVNP_UCHZ
_tVIEW
_uhttps://webservices.nlr.ru/viewer/file?name=t022236409_001.jpg
_yОбложка
942 _cBOOK
980 _aNBR
980 _aNB